How a seed grows / (Record no. 105836)
[ view plain ]
| 000 -LEADER | |
|---|---|
| fixed length control field | 00673nam a2200193 a 4500 |
| 005 - DATE AND TIME OF LATEST TRANSACTION | |
| control field | 20140412111416.0 |
| 008 - FIXED-LENGTH DATA ELEMENTS--GENERAL INFORMATION | |
| fixed length control field | 070813s19uu xx 00 eng d |
| 020 ## - INTERNATIONAL STANDARD BOOK NUMBER | |
| International Standard Book Number | 0-590-27591-7 |
| 050 ## - LIBRARY OF CONGRESS CALL NUMBER | |
| Classification number | M 582.0166 |
| Item number | J76 1992 |
| 100 ## - MAIN ENTRY--PERSONAL NAME | |
| Personal name | Jordan, Helene J. |
| 245 ## - TITLE STATEMENT | |
| Title | How a seed grows / |
| Statement of responsibility, etc | Helene J. Jordan; illustrated by Loretta Krupinski. |
| 260 ## - PUBLICATION, DISTRIBUTION, ETC. (IMPRINT) | |
| Place of publication, distribution, etc | New York : |
| Name of publisher, distributor, etc | Scholastic, |
| Date of publication, distribution, etc | 1992. |
| 300 ## - PHYSICAL DESCRIPTION | |
| Extent | 31 |
| 440 ## - SERIES STATEMENT/ADDED ENTRY--TITLE | |
| Title | A let's read and find out book |
| 520 ## - SUMMARY, ETC. | |
| Summary, etc | Uses observations of bean seeds planted in eggshells to demonstrate the growth of seeds into plants. |
| 650 ## - SUBJECT ADDED ENTRY--TOPICAL TERM | |
| Topical term or geographic name as entry element | Germination |
| General subdivision | Juvenile literature |
| 650 ## - SUBJECT ADDED ENTRY--TOPICAL TERM | |
| Topical term or geographic name as entry element | Seeds |
| General subdivision | Juvenile Literature |
| Withdrawn status | Lost status | Damaged status | Home library | Current library | Shelving location | Date acquired | Source of acquisition | Cost, normal purchase price | Total Checkouts | Full call number | Barcode | Date last seen | Price effective from | Koha item type |
|---|---|---|---|---|---|---|---|---|---|---|---|---|---|---|
| Elizalde Library | Elizalde Library | Main Section | 08/13/2007 | 150.00 | M 582.0166 J76 1992 | E10756 | 04/12/2014 | 04/12/2014 | Books |